000 01132nam a2200253Ia 4500
999 _c35868
_d35868
001 1759
003 GE_BSU
005 20231002121023.0
008 181216s2011||||ge |||||||||||||| ||geo||
010 _a989941103285
020 _a989941103285
040 _cGE_BSU
041 _ageo
080 _a070(038) ჟ–96
245 _aჟურნალისტის ორთოგრაფიულ – სტილისტიკური ლექსიკონი ;
_bტ. I /
_cმთავარი რედ.თამარ ვაშაკიძე; არნ. ჩიქობავას ენათმეცნიერების ინ–ტი.
264 _aთბილისი :
_bმერიდიანი,
_c2011.
300 _a363 გვ.;
_b19 სმ.
541 _h8 ლ.
653 _aჟურნალისტიკა
653 _aლექსიკონი
700 _aვაშაკიძე, თამარ
_eრედაქტორი
_919971
710 _aარნ. ჩიქობავას ენათმეცნიერების ინ–ტი
_919970
942 _cBK
_2udc